ICT znalostné siete a kontinuálne vzdelávanie

Rozvoj informačno-komunikačných technológií umožňuje vytvárať formálne aj neformálne znalostné siete. Podiel účastníkov na rozvoji a obsahu vzdelávania. Skupiny zložené z účastníkov vzdelávania a lektrov-prednášateľov. Prínosy a poznatky.

Gespeichert in:
Bibliographische Detailangaben
1. Verfasser: Mózsi, Karol
Weitere Verfasser: Petrovič, Peter
Format: Buchkapitel
Sprache:Slowakisch
Schlagworte:
Tags: Tag hinzufügen
Keine Tags, Fügen Sie das erste Tag hinzu!

MARC

LEADER 00000naa a2200000 4500
001 0123047
005 20231010125313.9
041 0 |a slo 
044 |a SK 
245 1 0 |a ICT znalostné siete a kontinuálne vzdelávanie  |c Karol Mózsi, Peter Petrovič 
520 |a Rozvoj informačno-komunikačných technológií umožňuje vytvárať formálne aj neformálne znalostné siete. Podiel účastníkov na rozvoji a obsahu vzdelávania. Skupiny zložené z účastníkov vzdelávania a lektrov-prednášateľov. Prínosy a poznatky. 
610 2 0 |a vzdelávanie 
610 2 0 |a vzdelávanie elektronické 
610 2 0 |a vzdelávanie ďalšie 
610 2 0 |a rozvoj pracovníkov 
610 2 0 |a učiaca sa organizácia 
610 2 0 |a technológie informačné 
610 2 0 |a technológie komunikačné 
610 2 0 |a siete počítačové 
100 1 |a Mózsi, Karol 
700 1 |a Petrovič, Peter